<?xml version="1.0" encoding="UTF-8"?><?xml-stylesheet type="text/xsl" href="static/style.xsl"?><OAI-PMH xmlns="http://www.openarchives.org/OAI/2.0/" xmlns:xsi="http://www.w3.org/2001/XMLSchema-instance" xsi:schemaLocation="http://www.openarchives.org/OAI/2.0/ http://www.openarchives.org/OAI/2.0/OAI-PMH.xsd"><responseDate>2026-04-13T03:08:25Z</responseDate><request verb="GetRecord" identifier="oai:www.recercat.cat:2072/457210" metadataPrefix="marc">https://recercat.cat/oai/request</request><GetRecord><record><header><identifier>oai:recercat.cat:2072/457210</identifier><datestamp>2026-03-13T07:45:31Z</datestamp><setSpec>com_2072_98</setSpec><setSpec>col_2072_378192</setSpec></header><metadata><record xmlns="http://www.loc.gov/MARC21/slim" xmlns:dcterms="http://purl.org/dc/terms/" xmlns:xsi="http://www.w3.org/2001/XMLSchema-instance" xmlns:doc="http://www.lyncode.com/xoai" xsi:schemaLocation="http://www.loc.gov/MARC21/slim http://www.loc.gov/standards/marcxml/schema/MARC21slim.xsd">
   <leader>00925njm 22002777a 4500</leader>
   <datafield ind2=" " ind1=" " tag="042">
      <subfield code="a">dc</subfield>
   </datafield>
   <datafield ind2=" " ind1=" " tag="720">
      <subfield code="a">Matamales Andreu, Rafel</subfield>
      <subfield code="e">author</subfield>
   </datafield>
   <datafield ind2=" " ind1=" " tag="720">
      <subfield code="a">Peñalver, Enrique</subfield>
      <subfield code="e">author</subfield>
   </datafield>
   <datafield ind2=" " ind1=" " tag="720">
      <subfield code="a">Mujal, Eudald</subfield>
      <subfield code="e">author</subfield>
   </datafield>
   <datafield ind2=" " ind1=" " tag="720">
      <subfield code="a">Oms, Oriol</subfield>
      <subfield code="e">author</subfield>
   </datafield>
   <datafield ind2=" " ind1=" " tag="720">
      <subfield code="a">Scholze, Frank</subfield>
      <subfield code="e">author</subfield>
   </datafield>
   <datafield ind2=" " ind1=" " tag="720">
      <subfield code="a">Juárez, Josep</subfield>
      <subfield code="e">author</subfield>
   </datafield>
   <datafield ind2=" " ind1=" " tag="720">
      <subfield code="a">Galobart, Àngel</subfield>
      <subfield code="e">author</subfield>
   </datafield>
   <datafield ind2=" " ind1=" " tag="720">
      <subfield code="a">Fortuny, Josep</subfield>
      <subfield code="e">author</subfield>
   </datafield>
   <datafield ind2=" " ind1=" " tag="260">
      <subfield code="c">2021</subfield>
   </datafield>
   <datafield ind2=" " ind1=" " tag="520">
      <subfield code="a">Altres ajuts: CERCA Programme/Generalitat de Catalunya</subfield>
   </datafield>
   <datafield ind2=" " ind1=" " tag="520">
      <subfield code="a">During the Early-Middle Triassic, the biosphere was recovering from the most severe mass extinction event of multicellular life, in the Permian-Triassic transition. Continental basins corresponding to present-day Mallorca (Balearic Islands, western Mediterranean) were located in the equatorial region of the supercontinent Pangaea, in the western peri-Tethys. Its recorded stratigraphic succession can be divided in four alluvial/fluvial formations, formally described here: Punta Roja Formation, Estellencs Formation, Pedra Alta Formation and Son Serralta Formation. Based on an exhaustive review of all available literature and new stratigraphic and palaeontological data, an upper Olenekian-lower Anisian interval is proposed for the whole succession. The richest fossil assemblage is that of Estellencs Formation, with abundant invertebrate and vertebrate trace fossils, and remains of plants, arthropods and rare fishes, which together represent a lotic/riverine ecosystem with a relatively complex food web. Plants and insects show strong biogeographical affinities with those of the Vosges, in central Europe; clam shrimps are similar to those of central Europe and Asia; and tetrapod tracks are also reminiscent to those of Eurasia and North America. Ultimately, integration of all these data provides a comprehensive and multidisciplinary characterisation of one of the oldest Triassic ecosystems of equatorial Pangaea, providing new insights to understand the evolution of palaeoenvironments of Iberian Plate, an area that has historically suffered from severe undersampling.</subfield>
   </datafield>
   <datafield tag="653" ind2=" " ind1=" ">
      <subfield code="a">Olenekian</subfield>
   </datafield>
   <datafield tag="653" ind2=" " ind1=" ">
      <subfield code="a">Anisian</subfield>
   </datafield>
   <datafield tag="653" ind2=" " ind1=" ">
      <subfield code="a">Clam shrimps</subfield>
   </datafield>
   <datafield tag="653" ind2=" " ind1=" ">
      <subfield code="a">Insects</subfield>
   </datafield>
   <datafield tag="653" ind2=" " ind1=" ">
      <subfield code="a">Tetrapod tracks</subfield>
   </datafield>
   <datafield tag="653" ind2=" " ind1=" ">
      <subfield code="a">Central Pangaea</subfield>
   </datafield>
   <datafield ind2="0" ind1="0" tag="245">
      <subfield code="a">Early-Middle Triassic fluvial ecosystems of Mallorca (Balearic Islands) : Biotic communities and environmental evolution in the equatorial western peri-Tethys</subfield>
   </datafield>
</record></metadata></record></GetRecord></OAI-PMH>